000 00785nam a2200253 a 4500
999 _c12539
_d12539
001 12539
003 BD-JhCC
005 20220901092436.0
008 220901b1999 vi |||| ||a| 000 0 eng d
020 _a1565642600
035 _a(BD-JhCC)12539
040 _aBD-JhCC
_dBD-JhCC
041 _aEnglish
082 _a297.1227
_bGHA 1999
100 _aAl Ghazali, Shaikh Muhammad
245 _aA Thematic Commentary on The Qur`an /
_cShaikh Muhammad Al Ghazali, Tra: Ashur A. Shamis.
260 _aVirginia :
_bInternational Institute of Islamic Thought ;
_c1999.
300 _a204 p. :
_c23 cm
490 _aIssues in contemporary Islamic Thought no. 14
_vVolume ll (surahs 10-29)
650 _aHermeneutics
700 _aA. Shamis, Ashur
942 _2ddc
_cBK